[Event "DVM U16 2019"]
[Site "Magdeburg GER"]
[Date "2019.12.27"]
[Round "1"]
[White "Bornholdt, Joa Max"]
[Black "Schulter, Moritz"]
[Result "1-0"]
[Termination "normal"]
[Board "7.4"]
[WhiteElo "1890"]
[BlackElo "1598"]
[WhiteTeam "Lübecker SV von 1873"]
[BlackTeam "ESV Gera"]
[PlyCount "85"]
[WhiteFideId "16253477"]
[BlackFideId "16245067"]
[EventCountry "GER"]
[EventRounds "7"]
[EventType "team-swiss"]
[EventDate "2019.12.26"]

1. d4 d5 2. c4 e6 3. Nc3 Nf6 4. Bg5 Be7 5. Nf3 O-O 6. e3 b6 7. Qc2 Bb7 8. Rd1
Nbd7 9. Ne5 Ne4 10. Bxe7 Qxe7 11. Bd3 Ndf6 12. O-O Rfd8 13. f3 Nxc3 14. bxc3
dxc4 15. Nxc4 g6 16. Rfe1 Nd5 17. Qd2 c5 18. e4 Nf6 19. e5 Ne8 20. Be4 Bxe4 21.
fxe4 cxd4 22. cxd4 Rac8 23. Ne3 Rc7 24. Qb2 Rcd7 25. g3 Nc7 26. Kg2 b5 27. Ng4
Ne8 28. Rf1 Qg5 29. Rf4 a6 30. Qf2 Qh5 31. h3 Kg7 32. Ne3 g5 33. Rg4 Kf8 34. d5
Qg6 35. h4 h6 36. hxg5 hxg5 37. Rh1 f6 38. exf6 Kg8 39. dxe6 Rd2 40. f7+ Kf8
41. Rh8+ Ke7 42. Rxe8+ Rxe8 43. fxe8=Q+ 1-0

[Event "DVM U16 2019"]
[Site "Magdeburg GER"]
[Date "2019.12.27"]
[Round "1"]
[White "Burian, Simon"]
[Black "Kamp, Adrian"]
[Result "1-0"]
[Termination "normal"]
[Board "8.1"]
[WhiteElo "2149"]
[BlackElo "1884"]
[WhiteTeam "Schachklub König Plauen"]
[BlackTeam "Schachklub Münster 32 e. V."]
[PlyCount "91"]
[WhiteFideId "12956902"]
[BlackFideId "16222466"]
[EventCountry "GER"]
[EventRounds "7"]
[EventType "team-swiss"]
[EventDate "2019.12.26"]

1. e4 c5 2. Nf3 d6 3. d4 cxd4 4. Nxd4 Nf6 5. f3 g6 6. c4 Bg7 7. Nc3 O-O 8. Be3
Nc6 9. Nc2 Be6 10. Na3 Qa5 11. Rc1 Rac8 12. Be2 Ne5 13. Qb3 Nfd7 14. O-O Nc5
15. Qd1 h5 16. Qd2 Rfe8 17. Rfd1 Na4 18. Nxa4 Qxa4 19. c5 a6 20. cxd6 Rxc1 21.
Qxc1 Rc8 22. Qd2 Rd8 23. dxe7 Rxd2 24. Rxd2 Bd7 25. Bb5 axb5 26. Rxd7 Nxd7 27.
e8=Q+ Nf8 28. Qxb5 Qd1+ 29. Kf2 Bd4 30. Qe2 Bxe3+ 31. Qxe3 Ne6 32. Nc4 b5 33.
Nd2 h4 34. f4 Qc2 35. Qc3 Qd1 36. Qe3 Qc2 37. Qc3 Qd1 38. f5 Nf4 39. Qe3 g5 40.
g3 hxg3+ 41. hxg3 Nh3+ 42. Kg2 g4 43. e5 Qc2 44. e6 Qc6+ 45. Qe4 Qc5 46. Qxg4+
1-0

[Event "DVM U16 2019"]
[Site "Magdeburg GER"]
[Date "2019.12.27"]
[Round "1"]
[White "Hungeling, David"]
[Black "Pivtorak, Illia"]
[Result "1-0"]
[Termination "normal"]
[Board "8.2"]
[WhiteElo "1507"]
[BlackElo "1491"]
[WhiteTeam "Schachklub Münster 32 e. V."]
[BlackTeam "Schachklub König Plauen"]
[PlyCount "65"]
[WhiteFideId "16222440"]
[BlackFideId "14194317"]
[EventCountry "GER"]
[EventRounds "7"]
[EventType "team-swiss"]
[EventDate "2019.12.26"]

1. e4 e5 2. Nf3 Nc6 3. Bb5 a6 4. Ba4 Nf6 5. O-O d6 6. Re1 Bg4 7. c3 Be7 8. h3
Bh5 9. d4 O-O 10. Bxc6 bxc6 11. dxe5 Nd7 12. exd6 cxd6 13. Bf4 f5 14. Bxd6 Bxd6
15. Qxd6 Bxf3 16. gxf3 f4 17. Qe6+ Kh8 18. Rd1 Ra7 19. Kf1 Rf6 20. Qg4 Qc7 21.
Na3 Ne5 22. Qg2 Rg6 23. Qh1 Qc8 24. Rd2 Rh6 25. h4 Rd7 26. Rad1 Rxd2 27. Rxd2
g5 28. h5 Qe8 29. Qh3 Rxh5 30. Qf5 Nxf3 31. Qf6+ Kg8 32. Rd8 Qxd8 33. Qxd8+ 1-0

[Event "DVM U16 2019"]
[Site "Magdeburg GER"]
[Date "2019.12.27"]
[Round "1"]
[White "Hörkner, Nico"]
[Black "John, Niklas"]
[Result "1-0"]
[Termination "normal"]
[Board "8.3"]
[WhiteElo "1699"]
[BlackElo "1389"]
[WhiteTeam "Schachklub König Plauen"]
[BlackTeam "Schachklub Münster 32 e. V."]
[PlyCount "75"]
[WhiteFideId "12974900"]
[BlackFideId "16234626"]
[EventCountry "GER"]
[EventRounds "7"]
[EventType "team-swiss"]
[EventDate "2019.12.26"]

1. Nf3 c5 2. g3 g6 3. Bg2 Bg7 4. d4 Nc6 5. c3 b6 6. Be3 cxd4 7. cxd4 d5 8. Nc3
e6 9. Rc1 Nge7 10. Bf4 O-O 11. h3 Nf5 12. Nb5 Bb7 13. g4 Nfe7 14. O-O Qd7 15.
Qa4 a6 16. Nd6 b5 17. Qd1 Nc8 18. Nxb7 Qxb7 19. e3 Re8 20. b3 Nb6 21. Qd2 Rad8
22. Rfd1 e5 23. dxe5 Nxe5 24. Nd4 Rd7 25. Rc2 Rc8 26. Rdc1 Rxc2 27. Qxc2 f6 28.
Ne6 Re7 29. Nxg7 Kxg7 30. Bxe5 fxe5 31. Qc6 Qb8 32. Bxd5 Nxd5 33. Qxd5 Qf8 34.
Qe4 Kg8 35. Rc6 Qa8 36. Rxg6+ Kf7 37. Qxa8 hxg6 38. Qxa6 1-0

[Event "DVM U16 2019"]
[Site "Magdeburg GER"]
[Date "2019.12.27"]
[Round "1"]
[White "Bergeret Busse, Julian"]
[Black "Elstner, Florian"]
[Result "0-1"]
[Termination "normal"]
[Board "8.4"]
[WhiteElo "1401"]
[BlackElo "1487"]
[WhiteTeam "Schachklub Münster 32 e. V."]
[BlackTeam "Schachklub König Plauen"]
[PlyCount "42"]
[WhiteFideId "16298446"]
[BlackFideId "16247264"]
[EventCountry "GER"]
[EventRounds "7"]
[EventType "team-swiss"]
[EventDate "2019.12.26"]

1. e4 c5 2. Nf3 Nc6 3. d4 cxd4 4. Nxd4 Nf6 5. Nc3 d6 6. Bc4 Qb6 7. Nxc6 bxc6 8.
h3 e6 9. Qe2 d5 10. exd5 cxd5 11. Bxd5 Nxd5 12. Nxd5 Qc6 13. c4 Ba6 14. Qe4
Bb4+ 15. Bd2 Bxd2+ 16. Kxd2 Rb8 17. b3 O-O 18. Ke3 exd5 19. Qf3 Rfe8+ 20. Kf4
Re4+ 21. Kg3 Qd6+ 0-1

[Event "DVM U16 2019"]
[Site "Magdeburg GER"]
[Date "2019.12.27"]
[Round "1"]
[White "Leitherer, Johannes"]
[Black "Fidlin, Simon"]
[Result "1/2-1/2"]
[Termination "normal"]
[Board "9.1"]
[WhiteElo "1833"]
[BlackElo "1907"]
[WhiteTeam "Stuttgarter SF 1879"]
[BlackTeam "Karlsruher SF 1853"]
[PlyCount "177"]
[WhiteFideId "16261593"]
[BlackFideId "16217535"]
[EventCountry "GER"]
[EventRounds "7"]
[EventType "team-swiss"]
[EventDate "2019.12.26"]

1. e4 e6 2. d4 d5 3. exd5 exd5 4. Bd3 Bd6 5. Nf3 Ne7 6. O-O O-O 7. Re1 c5 8.
dxc5 Bxc5 9. c3 Nbc6 10. Be3 Bd6 11. Nbd2 Bf5 12. Bxf5 Nxf5 13. Nf1 Re8 14. Nd4
Nfxd4 15. Bxd4 Rxe1 16. Qxe1 Nxd4 17. cxd4 Qb6 18. Qd2 Re8 19. Rc1 h6 20. Ng3
Qb5 21. a3 a5 22. Qc3 Bf4 23. Rd1 Re6 24. b4 Rc6 25. Qd3 Qxd3 26. Rxd3 Rc1+ 27.
Nf1 axb4 28. axb4 Rc4 29. g3 Bg5 30. Ne3 Bxe3 31. Rxe3 Rxd4 32. Re8+ Kh7 33.
Rd8 b5 34. Kf1 Rxb4 35. Rxd5 Rb2 36. h4 Kg6 37. Rd6+ Kf5 38. Rd7 Ke6 39. Rb7 g6
40. Kg2 b4 41. Rb6+ Ke5 42. Rb7 Kf6 43. Rb6+ Kg7 44. Kf3 h5 45. Kg2 Rb1 46. Kh2
Kf8 47. Rb7 Ke8 48. Kg2 b3 49. Kh2 b2 50. f4 Kd8 51. Kg2 Kc8 52. Rb4 Kc7 53.
Rb3 Kc6 54. Rb8 Kd5 55. Rd8+ Ke6 56. Re8+ Kd6 57. Rb8 f6 58. Rb5 Kc6 59. Rb8
Kd5 60. Rd8+ Ke4 61. Re8+ Kf5 62. Rb8 Kg4 63. Kh2 Kf3 64. Rb3+ Kf2 65. Rb8 Ke3
66. Kg2 Ke4 67. Rb5 Kd4 68. Rb8 Kd5 69. Rb7 Kc5 70. Rb8 Kd6 71. Rb3 Ke6 72. Rb5
Ke7 73. Rb7+ Kd6 74. Rb8 Ke6 75. Rb5 Rd1 76. Rxb2 Kf5 77. Rb3 Kg4 78. Kf2 Rd2+
79. Kf1 Kh3 80. Rb6 Rg2 81. f5 Rxg3 82. Rxf6 Rf3+ 83. Ke2 Rxf5 84. Rxg6 Kxh4
85. Rg2 Kh3 86. Rf2 Rg5 87. Kf1 Re5 88. Kg1 Re1+ 89. Rf1 1/2-1/2

[Event "DVM U16 2019"]
[Site "Magdeburg GER"]
[Date "2019.12.27"]
[Round "1"]
[White "Bantchev, Malte"]
[Black "Wang, Xinyuan"]
[Result "0-1"]
[Termination "normal"]
[Board "9.3"]
[WhiteElo "1480"]
[BlackElo "1676"]
[WhiteTeam "Stuttgarter SF 1879"]
[BlackTeam "Karlsruher SF 1853"]
[PlyCount "60"]
[WhiteFideId "16288882"]
[BlackFideId "16221494"]
[EventCountry "GER"]
[EventRounds "7"]
[EventType "team-swiss"]
[EventDate "2019.12.26"]

1. d4 Nf6 2. c4 e6 3. Bg5 d5 4. e3 Be7 5. Nf3 Nbd7 6. Bd3 h6 7. Bf4 c5 8. O-O
O-O 9. Nc3 Nb6 10. b3 Bd7 11. Ne5 Rc8 12. a4 a5 13. Rc1 cxd4 14. exd4 dxc4 15.
Bxc4 Bb4 16. Na2 Ba3 17. Rc2 Bc6 18. f3 Nbd5 19. Qd2 Qb6 20. Bxh6 gxh6 21. Qxh6
Qxd4+ 22. Kh1 Qxe5 23. Bxd5 Bxd5 24. Rcf2 Be7 25. g4 Nxg4 26. Rg2 Qg7 27. Rxg4
Qxg4 28. Qe3 Qh4 29. Rg1+ Kh8 30. Rg4 Qxg4 0-1

[Event "DVM U16 2019"]
[Site "Magdeburg GER"]
[Date "2019.12.27"]
[Round "1"]
[White "Borodaev, Roman"]
[Black "Zhang, Guo Hong"]
[Result "1/2-1/2"]
[Termination "normal"]
[Board "9.4"]
[WhiteElo "1705"]
[BlackElo "1217"]
[WhiteTeam "Karlsruher SF 1853"]
[BlackTeam "Stuttgarter SF 1879"]
[PlyCount "66"]
[WhiteFideId "16274881"]
[BlackFideId "16288890"]
[EventCountry "GER"]
[EventRounds "7"]
[EventType "team-swiss"]
[EventDate "2019.12.26"]

1. e4 c5 2. Nf3 d6 3. d4 cxd4 4. Nxd4 Nf6 5. Nc3 Nc6 6. Be3 g6 7. f3 Bg7 8. Qd2
O-O 9. O-O-O Bd7 10. Kb1 Rc8 11. g4 a6 12. h4 Ne5 13. h5 Nxf3 14. Nxf3 Bxg4 15.
Be2 Bxh5 16. Rdg1 Qa5 17. Ng5 Bxe2 18. Qxe2 h6 19. Nf3 h5 20. Nd4 Ng4 21. Qd2
Nxe3 22. Qxe3 Rc4 23. Nde2 Qe5 24. Rg5 Qf6 25. Qg1 Rxe4 26. Rg2 Rc8 27. Qb6
Rec4 28. Qxb7 R8c7 29. Qxa6 Qf3 30. Rhg1 R4c6 31. Qd3 Qxd3 32. cxd3 Kh7 33. Kc2
Rb7 1/2-1/2

[Event "DVM U16 2019"]
[Site "Magdeburg GER"]
[Date "2019.12.27"]
[Round "1"]
[White "Krastev, Alexander"]
[Black "Pikalow, Michael"]
[Result "1-0"]
[Termination "normal"]
[Board "10.1"]
[WhiteTitle "FM"]
[WhiteElo "2323"]
[BlackElo "1849"]
[WhiteTeam "Biebertaler Schachfreunde"]
[BlackTeam "USC Magdeburg"]
[PlyCount "85"]
[WhiteFideId "12989983"]
[BlackFideId "16227638"]
[EventCountry "GER"]
[EventRounds "7"]
[EventType "team-swiss"]
[EventDate "2019.12.26"]

1. e4 c5 2. Nf3 d6 3. d4 cxd4 4. Nxd4 Nf6 5. Nc3 a6 6. g3 e5 7. Nde2 Be7 8. Bg2
O-O 9. O-O Nbd7 10. a4 Qc7 11. h3 b6 12. g4 Bb7 13. Ng3 g6 14. g5 Ne8 15. Nd5
Bxd5 16. exd5 Ng7 17. Ra3 Rfc8 18. Rc3 Qd8 19. Rc6 Nb8 20. Rxc8 Qxc8 21. c3 Nd7
22. f4 exf4 23. Bxf4 b5 24. axb5 axb5 25. Qe2 Qc5+ 26. Kh1 Bf8 27. Be3 Qc7 28.
Qxb5 Ne5 29. Bd4 Rb8 30. Qe2 Re8 31. Qf2 Qb7 32. b4 Re7 33. Ra1 Qb5 34. Qf1 Qe8
35. b5 Qc8 36. b6 Nc4 37. Qf2 Ne8 38. Ne4 Rxe4 39. Bxe4 Qxh3+ 40. Qh2 Qg4 41.
Qg2 Qh4+ 42. Kg1 Nd2 43. b7 1-0

[Event "DVM U16 2019"]
[Site "Magdeburg GER"]
[Date "2019.12.27"]
[Round "1"]
[White "Grunwald, Jonathan"]
[Black "Rabenstein, Jonathan"]
[Result "1/2-1/2"]
[Termination "normal"]
[Board "10.3"]
[WhiteElo "1815"]
[BlackElo "1382"]
[WhiteTeam "Biebertaler Schachfreunde"]
[BlackTeam "USC Magdeburg"]
[PlyCount "66"]
[WhiteFideId "12955744"]
[BlackFideId "16298462"]
[EventCountry "GER"]
[EventRounds "7"]
[EventType "team-swiss"]
[EventDate "2019.12.26"]

1. e4 e5 2. Nf3 Nc6 3. Bb5 a6 4. Bxc6 dxc6 5. Nc3 Nf6 6. Nxe5 Nxe4 7. Nxe4 Qd5
8. O-O Qxe5 9. d4 Qd5 10. Re1 Be6 11. Bg5 Bd6 12. b3 O-O 13. c4 Qf5 14. Nxd6
cxd6 15. Be7 Rfe8 16. Bxd6 Rad8 17. Bc5 b5 18. cxb5 cxb5 19. Re5 Qxe5 20. dxe5
Rxd1+ 21. Rxd1 h6 22. f4 Rc8 23. Rc1 Rd8 24. Bd6 Rc8 25. Rxc8+ Bxc8 26. Kf2 Kh7
27. h3 h5 28. Kg3 Kg6 29. Kh4 f5 30. exf6 gxf6 31. g4 hxg4 32. hxg4 f5 33. g5
a5 1/2-1/2

[Event "DVM U16 2019"]
[Site "Magdeburg GER"]
[Date "2019.12.27"]
[Round "1"]
[White "Weis, Oskar"]
[Black "Peschel, Julia"]
[Result "0-1"]
[Termination "normal"]
[Board "10.4"]
[WhiteElo "1155"]
[BlackElo "1384"]
[WhiteTeam "USC Magdeburg"]
[BlackTeam "Biebertaler Schachfreunde"]
[PlyCount "66"]
[WhiteFideId "16298470"]
[BlackFideId "16255593"]
[EventCountry "GER"]
[EventRounds "7"]
[EventType "team-swiss"]
[EventDate "2019.12.26"]

1. e4 e5 2. Nf3 Nc6 3. Bc4 Bc5 4. b4 Bb6 5. b5 Na5 6. Nxe5 Nxc4 7. Nxc4 Qg5 8.
Nxb6 axb6 9. O-O Qxb5 10. d3 Ne7 11. Nc3 Qc6 12. Bd2 d6 13. Re1 O-O 14. h3 Be6
15. Qb1 Ra3 16. Qb2 Rfa8 17. d4 d5 18. e5 Qc4 19. Qb4 Qxb4 20. Nb1 Qxd4 21.
Nxa3 Rxa3 22. Red1 Qa4 23. Rab1 Rxa2 24. Be3 Nc6 25. c3 Qc2 26. Ra1 Rxa1 27.
Rxa1 h6 28. Rc1 Qe4 29. Re1 Qxe5 30. Bd2 Qf6 31. Rd1 Ne5 32. Be3 Nf3+ 33. gxf3
Qxf3 0-1